Catálogo

APRENDER A PENSAR LEYENDO BIEN (Registro nro. 30719)

Detalles MARC
000 -LEADER
fixed length control field 00959nam a2200193 a 4500
001 - CONTROL NUMBER
control field 30719
005 - DATE AND TIME OF LATEST TRANSACTION
control field 20230414123603.0
008 - FIXED-LENGTH DATA ELEMENTS--GENERAL INFORMATION
fixed length control field 140415s2007 000 0 spa d
020 ## - INTERNATIONAL STANDARD BOOK NUMBER
International Standard Book Number 9788536391
041 ## - LANGUAGE CODE
Language code of text/sound track or separate title spa
082 ## - DEWEY DECIMAL CLASSIFICATION NUMBER
Classification number 378.17
Item number ARG
100 1# - MAIN ENTRY--PERSONAL NAME
Personal name ARGUDIN MARIA LUNA, YOLANDA
245 10 - TITLE STATEMENT
Title APRENDER A PENSAR LEYENDO BIEN
250 ## - EDITION STATEMENT
Edition statement REIMPRESION
260 ## - PUBLICATION, DISTRIBUTION, ETC.
Place of publication, distribution, etc. [s.l.] :
Name of publisher, distributor, etc. PAIDOS,
Date of publication, distribution, etc. 2007
300 ## - PHYSICAL DESCRIPTION
Extent 247
Dimensions 14 x 2 x 22
520 ## - SUMMARY, ETC.
Summary, etc. TODOS LOS QUE HAN PASADO POR LA ESCUELA PRIMARIA SABEN LEER, EN UN SENTIDO: DESCIFRAN LOS SIGNOS ESCRITOS Y ASOCIAN LAS PALABRAS A DETERMINADOS SIGNIFICADOS. AUN ASÍ, ESTA CAPACIDAD MERAMENTE TÉCNICA NO BASTA PARA SER LO QUE SE LLAMA UN BUEN LECTOR: ALGUIEN QUE SABE LEER CRÍTICAMENTE, QUE COMPRENDE A PROFUNDIDAD LOS TEXTOS Y DIALOGA CON ELLOS, QUE REFLEXIONA Y ES CAPAZ DE TENER UN JUICIO PROPIO, QUE AL LEER ESTIMULA Y PONE EN ACCIÓN SU PENSAMIENTO, QUE APROVECHA AL MÁXIMO SUS HORAS DE
650 14 - SUBJECT ADDED ENTRY--TOPICAL TERM
Topical term or geographic name entry element EDUCACION
Existencias
Withdrawn status Lost status Source of classification or shelving scheme Damaged status Not for loan Collection code Home library Current library Shelving location Date acquired Source of acquisition Total Checkouts Full call number Barcode Date last seen Date last checked out Price effective from Koha item type
    Dewey Decimal Classification   Consulta en sala General Tehuacán Tehuacán Sala general 03/12/2013 Compra 1 378.17 ARG 505271 08/01/2025 25/08/2018 03/12/2013 Reserva permanente
    Dewey Decimal Classification     General Tehuacán Tehuacán Sala general 03/12/2013 Compra   378.17 ARG 505402 08/01/2025   03/12/2013 Libro